Gibt es diese Ritter Sport Sorten wirklich?đŸ« - Sudden Death - Statistiken

Allgemein
  • Dieses Quiz wurde 429 mal gespielt
  • Das Durchschnittsergebnis liegt bei 3 aus 9
Answers on the Grid
Answers color-coded by a green-red scale on the quiz's grid according to % correct below.
Ritter Sport - Weiße Lakritz
Ritter Sport - Crunchy Brezel
Ritter Sport - Die Bayrische
Ritter Sport - Roasted Peanut
Ritter Sport - Trauben Nuss
Ritter Sport - Goldschatz
Ritter Sport - Coffee Duo
Ritter Sport - Caramel Duo
Ritter Sport - Cacao y Nada
Ritter Sport - Alpenmilch
Ritter Sport - Funky White Lemon
Ritter Sport - Dubai Schokolade
Ritter Sport - Kraftriegel
Ritter Sport - Brombeere Apfel Cloud
Ritter Sport - WeißwĂŒrstle
Ritter Sport - KĂŒhles Blondes
Ritter Sport - Konfetti
Ritter Sport - Weihnachtswahnsinn
 
Antwortstatistiken
Antwort % Korrekt
Ritter Sport - Alpenmilch
73%
Ritter Sport - Trauben Nuss
66%
Ritter Sport - Crunchy Brezel
36%
Ritter Sport - Roasted Peanut
31%
Ritter Sport - Goldschatz
26%
Ritter Sport - Coffee Duo
25%
Ritter Sport - Funky White Lemon
19%
Ritter Sport - Weiße Lakritz
11%
Ritter Sport - Cacao y Nada
6%
Keine ĂŒbereinstimmenden Quizze gefunden
Verteilung der Resultate
Anzahl Personen mit jedem Resultat
Perzentil nach korrekt beantworteten Fragen
Ihre Resultats-Entwicklung
Sie haben dieses Quiz noch nicht gespielt